| 000 | 00742cam a22002291 4500 | ||
|---|---|---|---|
| 001 | gs 07000455 | ||
| 003 | DLC | ||
| 005 | 20260227111305.0 | ||
| 008 | 800213s1889 nyu s000 0 eng | ||
| 010 | _ags 07000455 | ||
| 035 | _a(OCoLC)5978664 | ||
| 040 |
_aDLC _cTxCM _dOCoLC _dDLC |
||
| 050 | 0 | 0 |
_aQ11 _b.N82 v. 2 |
| 051 |
_aQK629.P7 _bP4 _cCopy 2. |
||
| 100 | 1 |
_aPeck, Charles H. _q(Charles Horton), _d1833-1917. |
|
| 245 | 1 | 0 |
_aBoleti of the United States, _cby Charles H. Peck. |
| 260 |
_aAlbany, _bUniversity of the State of New York, _c1889. |
||
| 300 |
_a[73]-166 p. _c24 cm. |
||
| 490 | 1 |
_aNew York State Museum. Bulletin, _vv. 2, no. 8 |
|
| 650 | 0 | _aBoletales. | |
| 810 | 1 |
_aNew York (State). _bState Museum, Albany. _tBulletin ; _v8. |
|
| 999 |
_c24581 _d24581 |
||